Quiz o Bielsku Podlaskim - Statystyki

Ogólne statystyki
  • Ten quiz został rozwiązany 4 razy
  • Średni wynik to 5 z 12
Statystyki odpowiedzi
Pytanie Odpowiedź % Poprawnych
Jakie rejestracje samochodowe są w Bielsku Podlaskim? BBI
100%
Jak nazywa się klub piłkarski z Bielska Podlaskiego? {Tur} Bielsk Podlaski
75%
W którym roku Bielsk Podlaski otrzymał prawa miejskie? 1495
50%
W jakiej diecezji leży Bielsk Podlaski? Diecezja {drohiczyńska}
50%
Jak nazywa się burmistrz Bielska Podlaskiego? Piotr Wawulski
50%
W jakiej krainie historycznej leży Bielsk Podlaski? Podlasie
50%
W latach 1975-1998 miasto w jakim województwie leżało? Województwo {białostockie}
50%
Nad jaką rzeką leży Bielsk Podlaski? Biała
25%
Jaka jest nazwa miasta którego powiat ma taką samą nazwę co powiat z siedzibą w Bielsku Podlaskim? Bielsko-Biała
25%
W jakim mezoregionie leży Bielsk Podlaski? Równina {Bielska}
25%
Jaka jest nazwa dwóch miast z którymi Bielsk Podlaski ma współpracę? Călărași
0%
Na jakiej linii kolejowej leży stacja Bielsk Podlaski? Linia kolejowa {32}
0%
Nie znaleziono quizów pasujących do podanych kryteriów
Rozkład punktacji
Procent ludzi z każdym wynikiem
Percentyl według liczby udzielonych odpowiedzi
Twoja historia wyników
Nie rozwiązałeś tego quizu